Вып. 1; Упругость и неупругость

Bibliographische Detailangaben
Parent link:Упругость и неупругость: сборник трудов/ под ред. П. М. Огибалова. Вып. 1.— , 1971-1973
Sprache:Russisch
Veröffentlicht: 1971
Schlagworte:
Format: Buch
KOHA link:https://koha.lib.tpu.ru/cgi-bin/koha/opac-detail.pl?biblionumber=270737

MARC

LEADER 00000nam2a2200000 4500
001 270737
005 20231101234354.0
035 |a (RuTPU)RU\TPU\book\293918 
035 |a RU\TPU\book\191854 
090 |a 270737 
100 |a 20141001d1971 k y0rusy50 ca 
101 0 |a rus 
102 |a RU 
105 |a a z 001zy 
200 0 |a Вып. 1 
210 |d 1971 
215 |a 257 с.  |c ил. 
320 |a Библиография в конце статей 
461 1 |0 (RuTPU)RU\TPU\book\295588  |t Упругость и неупругость  |o сборник трудов  |f под ред. П. М. Огибалова  |v Вып. 1  |d 1971-1973 
606 1 |a Упругость, теория  |2 stltpush  |3 (RuTPU)RU\TPU\subj\63144  |9 80188 
610 1 |a упругие системы 
610 1 |a пластичность 
610 1 |a устойчивость 
610 1 |a вязко-упругость 
610 1 |a полимерные конструкции 
610 1 |a физическая механика 
610 1 |a металлы 
675 |a 539.3  |v 3 
801 1 |a RU  |b 63413507  |c 20100310 
801 2 |a RU  |b 63413507  |c 20141017  |g RCR 
942 |c BK